| 000 | 01072nac a22002651u 4500 | ||
|---|---|---|---|
| 010 | _a 79022696 | ||
| 020 | _a812970028X | ||
| 082 | 0 | 0 |
_a610/.28 _bC946 |
| 090 |
_c103 _d103 |
||
| 100 | _aCromwell, Leslie. | ||
| 245 | 1 | 0 |
_aBiomedical instrumentation and measurements / _cLeslie Cromwell, Fred J. Weibell, Erich A. Pfeiffer. |
| 250 | _a2nd ed. | ||
| 260 |
_aEnglewood Cliffs, N.J. : _bPrentice-Hall, _cc1980. |
||
| 300 |
_axvi, 510 p. : _bill. ; _c24 cm. |
||
| 500 | _aIncludes index. | ||
| 650 | 0 | _aBiomedical engineering. | |
| 650 | 0 | _aMedical instruments and apparatus. | |
| 650 | 0 | _aPhysiological apparatus. | |
| 650 | 0 |
_aBiomedical engineering _xInstrumentation. |
|
| 700 | 1 | _aWeibell, Fred J., | |
| 700 | 1 | _aPfeiffer, Erich A., | |
| 942 |
_cBB _k610.28C946 |
||
| 999 |
_c103 _d103 |
||